Counties of U.S. Cities #4 (Hard) - Statistics

General Stats
  • This quiz has been taken 11 times
  • The average score is 9 of 16
Answer Stats
Hint Answer % Correct
Hartford Hartford
82%
Spokane Spokane
82%
Honolulu Honolulu
73%
Montgomery Montgomery
73%
Reno Washoe
73%
Boise Ada
64%
Buffalo Erie
64%
Port St. Lucie St. Lucie
64%
Madison Dane
45%
Sioux Falls Minnehaha
45%
Amarillo Potter
45%
Duluth St. Louis
45%
Cincinnati Hamilton
36%
Cape Coral Lee
36%
Lincoln Lancaster
27%
Toledo Lucas
27%
No matching quizzes found
Score Distribution
Percent of People with Each Score
Percentile by Number Answered
Your Score History
You have not taken this quiz